MARC details
| 000 -LEADER |
| fixed length control field |
01075nam a2200265Ia 4500 |
| 003 - CONTROL NUMBER IDENTIFIER |
| control field |
IN-BaIIA |
| 008 - FIXED-LENGTH DATA ELEMENTS--GENERAL INFORMATION |
| fixed length control field |
211028s9999 xx 000 0 eng d |
| 020 ## - INTERNATIONAL STANDARD BOOK NUMBER |
| International Standard Book Number |
0-87590-026-7 |
| 040 ## - CATALOGING SOURCE |
| Transcribing agency |
IIA Library |
| 080 ## - UNIVERSAL DECIMAL CLASSIFICATION NUMBER |
| Universal Decimal Classification number |
523.942-352 |
| Item number |
RUS |
| 111 ## - MAIN ENTRY--MEETING NAME |
| Meeting name or jurisdiction name as entry element |
American Geophysical Union Chapman Conference |
| Location of meeting |
Bermuda |
| Date of meeting or treaty signing |
1989 Mar. 27-31 |
| 9 (RLIN) |
17555 |
| 245 #0 - TITLE STATEMENT |
| Title |
Physics of magnetic flux ropes |
| Remainder of title |
American geophysical union chapman conference on the physics of magnetic flux ropes held in Hamilton, Bermuda, 27-31 Mar 1989 |
| Statement of responsibility, etc. |
edited by C. T. Russell, E. R. Priest and L. C. Lee |
| 260 ## - PUBLICATION, DISTRIBUTION, ETC. |
| Place of publication, distribution, etc. |
Washington |
| Name of publisher, distributor, etc. |
American Geophysical Union |
| Date of publication, distribution, etc. |
1990 |
| 300 ## - PHYSICAL DESCRIPTION |
| Extent |
lxvi, 685p. |
| 490 ## - SERIES STATEMENT |
| Series statement |
Geophysical monograph; 58 |
| 650 ## - SUBJECT ADDED ENTRY--TOPICAL TERM |
| Topical term or geographic name entry element |
Astronomy and astrophysics thesaurus |
| 650 ## - SUBJECT ADDED ENTRY--TOPICAL TERM |
| Topical term or geographic name entry element |
Astrophysics |
| 9 (RLIN) |
794 |
| 650 ## - SUBJECT ADDED ENTRY--TOPICAL TERM |
| Topical term or geographic name entry element |
Magnetic flux |
| 9 (RLIN) |
17006 |
| 650 ## - SUBJECT ADDED ENTRY--TOPICAL TERM |
| Topical term or geographic name entry element |
Solar photosphere |
| 9 (RLIN) |
15876 |
| 700 ## - ADDED ENTRY--PERSONAL NAME |
| Personal name |
Lee, L. C. ed. |
| 9 (RLIN) |
17556 |
| 700 ## - ADDED ENTRY--PERSONAL NAME |
| Personal name |
Priest, E. R., ed. |
| 9 (RLIN) |
14972 |
| 700 ## - ADDED ENTRY--PERSONAL NAME |
| Personal name |
Russell, C. T., ed. |
| 9 (RLIN) |
17557 |
| 710 ## - ADDED ENTRY--CORPORATE NAME |
| Corporate name or jurisdiction name as entry element |
American geophysical union |
| 9 (RLIN) |
3632 |
| 942 ## - ADDED ENTRY ELEMENTS (KOHA) |
| Koha item type |
Books |
| 952 ## - LOCATION AND ITEM INFORMATION (KOHA) |
| -- |
63.00 |